Elaboración y evaluación de un programa audiovisual para fortalecer las competencias parentales, mediante una alianza efectiva familia-escuela
Uloženo v:
| Hlavní autor: | |
|---|---|
| Médium: | Kniha |
| Jazyk: | španělština |
| Vydáno: |
Santiago
Proyectos Fondecyt
2001
|
| Vydání: | 1a. ed |
| Témata: | |
| Tagy: |
Přidat tag
Žádné tagy, Buďte první, kdo vytvoří štítek k tomuto záznamu!
|
MARC
| LEADER | 00000cam a2200000 a 4500 | ||
|---|---|---|---|
| 001 | UCE6449 | ||
| 003 | CL-VaPUC | ||
| 008 | 150409e20010614cl |||||||||||||||||spa|d | ||
| 082 | 0 | 4 | |a 371.192 |b MIL |2 21 |
| 100 | |a Milicic Müller, Neva |e autora |9 591309 | ||
| 245 | 1 | 0 | |a Elaboración y evaluación de un programa audiovisual para fortalecer las competencias parentales, mediante una alianza efectiva familia-escuela |
| 250 | |a 1a. ed | ||
| 300 | |a 47 p | ||
| 942 | |c BK | ||
| 945 | |d 20150409 10:07:00 |a arojas | ||
| 260 | |a Santiago |b Proyectos Fondecyt |c 2001 | ||
| 500 | |a Proyecto de investigación Fondecyt número 1020955 | ||
| 650 | 7 | |a EDUCACION PARA PADRES |2 CL-VaPUC |9 307239 | |
| 650 | 7 | |a RELACIONES PADRES ESCUELA |2 CL-VaPUC |9 337206 | |
| 650 | 7 | |a ROL DE LOS PADRES |2 CL-VaPUC |9 338980 | |
| 650 | 7 | |a PARTICIPACION DE LOS PADRES |2 CL-VaPUC |9 579117 | |
| 650 | 7 | |a RELACIONES FAMILIARES |2 CL-VaPUC |9 333100 | |
| 583 | |a last modification |c 20150409 10:07:00 |k Rodrigo Vera | ||
| 999 | |c 358779 |d 358777 | ||
| 952 | |0 0 |1 0 |3 ean |4 0 |6 371_192000000000000_MIL_2001 |7 0 |8 P |9 467671 |a BIBEDU |b BIBTES |i 5145554 |o 371.192 MIL 2001 |p 5145554 |r 2019-11-23 |w 2019-11-23 |y BK |z Catalogado en:20150409 |k EPE | ||